| 000 | 00760nam a22002417a 4500 | ||
|---|---|---|---|
| 005 | 20210325204321.0 | ||
| 008 | s2007 eng d | ||
| 020 | _a9780199287567 | ||
| 041 | _aeng | ||
| 090 | _aKS 36.G7 C47 2007 | ||
| 100 | 0 | _aFurmston, Michael. | |
| 245 | 1 | 0 | _aCheshire, Fifoot & Furmston's law of contract [15th] |
| 260 | 3 |
_aOxford : _bOxford University Press, _c2007 |
|
| 300 |
_a828 p. ; _b 25 cm. |
||
| 650 | 0 | 4 | _aContracts -- Wales |
| 650 | 0 | 4 | _aContracts -- England |
| 650 | 0 | 4 | _aContracts -- Great Britain |
| 850 | _aNALT | ||
| 942 | _cLB | ||
| 997 |
_aG 2486 _kVC |
||
| 997 | _c000000000060517 | ||
| 998 | _aนางสุกัญญา กัลยา | ||
| 999 |
_c60517 _d60517 |
||